UM Logo

Paragraph practice : (Record no. 19835)

MARC details
000 -LEADER
fixed length control field 00612nam a22001697a 4500
008 - FIXED-LENGTH DATA ELEMENTS--GENERAL INFORMATION
fixed length control field 240325b ||||| |||| 00| 0 eng d
020 ## - INTERNATIONAL STANDARD BOOK NUMBER
International Standard Book Number 0024183903
082 ## - DEWEY DECIMAL CLASSIFICATION NUMBER
Classification number DC 808.0427
Item number Su5 1989
100 ## - MAIN ENTRY--PERSONAL NAME
Personal name Sullivan, Kathleen E.
9 (RLIN) 55249
245 ## - TITLE STATEMENT
Title Paragraph practice :
Remainder of title writing the paragraph and the short composition /
Statement of responsibility, etc. Kathleen E. Sullivan.
250 ## - EDITION STATEMENT
Edition statement 6th edition.
260 ## - PUBLICATION, DISTRIBUTION, ETC. (IMPRINT)
Place of publication, distribution, etc. New York :
Name of publisher, distributor, etc. Macmillan Publishing Company,
Date of publication, distribution, etc. ©1989.
300 ## - PHYSICAL DESCRIPTION
Extent xiii, 217 pages :
Other physical details illustrations ;
Dimensions 25 cm.
650 ## - SUBJECT ADDED ENTRY--TOPICAL TERM
Topical term or geographic name as entry element English language
General subdivision Rhetoric.
9 (RLIN) 55755
650 ## - SUBJECT ADDED ENTRY--TOPICAL TERM
Topical term or geographic name as entry element English language
General subdivision Paragraphs.
9 (RLIN) 2520
942 ## - ADDED ENTRY ELEMENTS (KOHA)
Source of classification or shelving scheme Dewey Decimal Classification
Koha item type Circulation
Holdings
Withdrawn status Lost status Source of classification or shelving scheme Damaged status Not for loan Collection code Home library Current library Date acquired Source of acquisition Total Checkouts Full call number Barcode Date last seen Copy number Price effective from Koha item type
    Dewey Decimal Classification     Circulation UM Digos College - LIC UM Digos College - LIC 09/11/2003 Donation   DC 808.0427 Sa5 1989 15828 05/15/2025 1 03/25/2024 Circulation